Score 0/197 Timer 15:00
0 Plays Today
Country Name Demonym % Correct
AfghanistanAfghani
98.1%
AlbaniaAlbanian
96.3%
AlgeriaAlgerian
96.3%
AndorraAndorran
96.3%
AngolaAngolan
96.3%
ArmeniaArmenian
94.4%
AustraliaAustralian
94.4%
AustriaAustrian
94.4%
AzerbaijanAzeri or Azerbaijani
94.4%
Antigua and BarbudaAntiguan or Barbudan
92.6%
BelgiumBelgian
92.6%
ChinaChinese
92.6%
BoliviaBolivian
90.7%
Bosnia and HerzegovinaBosnian or Herzegovinian
90.7%
BrazilBrazilian
90.7%
CanadaCanadian
90.7%
DenmarkDanish
90.7%
BahrainBahraini
88.9%
BelarusBelarusian
88.9%
BulgariaBulgarian
88.9%
CambodiaCambodian
88.9%
ChileChilean
88.9%
ColombiaColombian
88.9%
CubaCuban
88.9%
CzechiaCzech
88.9%
Democratic Republic of the CongoCongolese
88.9%
DominicaDominican
88.9%
Dominican RepublicDominican
88.9%
EcuadorEcuadorian
88.9%
EgyptEgyptian
88.9%
FranceFrench
88.9%
GermanyGerman
88.9%
GreeceGreek
88.9%
IcelandIcelandic
88.9%
IndonesiaIndonesian
88.9%
IsraelIsraeli
88.9%
ItalyItalian
88.9%
JapanJapanese
88.9%
MexicoMexican
88.9%
NetherlandsDutch
88.9%
North KoreaNorth Korean
88.9%
PakistanPakistani
88.9%
Republic of the CongoCongolese
88.9%
South KoreaSouth Korean
88.9%
BurundiBurundian
87%
CameroonCameroonian
87%
ChadChadian
87%
Costa RicaCosta Rican
87%
CroatiaCroatian
87%
CyprusCypriot
87%
EritreaEritrean
87%
EthiopiaEthiopian
87%
FinlandFinnish
87%
The GambiaGambian
87%
GeorgiaGeorgian
87%
GuineaGuinean
87%
HungaryHungarian
87%
IranIranian
87%
IraqIraqi
87%
IrelandIrishman
87%
JamaicaJamaican
87%
KazakhstanKazakh
87%
KenyaKenyan
87%
KyrgyzstanKyrgyz
87%
LatviaLatvian or Lettish
87%
LebanonLebanese
87%
Country Name Demonym % Correct
LiberiaLiberian
87%
LibyaLibyan
87%
LithuaniaLithuanian
87%
MacedoniaMacedonian
87%
MalaysiaMalaysian
87%
MaltaMaltese
87%
MauritaniaMauritanian
87%
MicronesiaMicronesian
87%
NorwayNorwegian
87%
OmanOmani
87%
BarbadosBarbadian
85.2%
BruneiBruneian
85.2%
DjiboutiDjiboutian
85.2%
EstoniaEstonian
85.2%
GuatemalaGuatemalan
85.2%
HaitiHaitian
85.2%
IndiaIndian
85.2%
JordanJordanian
85.2%
KuwaitKuwaiti
85.2%
LaosLao
85.2%
MalawiMalawian
85.2%
MoldavaMoldovan
85.2%
MongoliaMongolian
85.2%
MoroccoMoroccan
85.2%
NamibiaNamibian
85.2%
NepalNepali
85.2%
NicaraguaNicaraguan
85.2%
NigeriaNigerian
85.2%
PalestinePalestinian
85.2%
PolandPolish
85.2%
RussiaRussian
85.2%
The BahamasBahamian
83.3%
BhutanBhutanese
83.3%
FijiFijian
83.3%
GabonGabonese
83.3%
MaliMalian
83.3%
PeruPeruvian
83.3%
QatarQatari
83.3%
RwandaRwandan
83.3%
SpainSpanish
83.3%
ThailandThai
83.3%
United KingdomBritish
83.3%
United States of AmericaAmerican
83.3%
VietnamVietnamese
83.3%
ArgentinaArgentine
81.5%
BeninBeninese
81.5%
New ZealandNew Zealander or Kiwi
81.5%
Papua New GuineaPapua New Guinean
81.5%
ParaguayParaguayan
81.5%
RomaniaRomanian
81.5%
SamoaSamoan
81.5%
Serbiaserbian
81.5%
SlovakiaSlovak
81.5%
SloveniaSlovenian or Slovene
81.5%
SomaliaSomali
81.5%
SwedenSwedish
81.5%
SwitzerlandSwiss
81.5%
SyriaSyrian
81.5%
TajikistanTajik
81.5%
TanzaniaTanzanian
81.5%
TongaTongan
81.5%
TunisiaTunisian
81.5%
TurkeyTurkish
81.5%
TurkmenistanTurkmen
81.5%
UgandaUgandan
81.5%
UkraineUkrainian
81.5%
Country Name Demonym % Correct
UzbekistanUzbek
81.5%
VenezuelaVenezuelan
81.5%
YemenYemeni
81.5%
ZambiaZambian
81.5%
BangladeshBengali
79.6%
BotswanaBotswanan
79.6%
GrenadaGrenadan
79.6%
HondurasHonduran
79.6%
LuxembourgLuxembourgish
79.6%
Marshall IslandsMarshallese
79.6%
MyanmarBurmese
79.6%
Saudi ArabiaSaudi
79.6%
South AfricaSouth African
79.6%
SudanSudanese
79.6%
TaiwanTaiwanese
79.6%
Equatorial GuineaEquatoguinean
77.8%
GuyanaGuyanese
77.8%
KosovoKosovar or Kosovan
77.8%
MaldivesMaldivian
77.8%
PhilippinesFilipino
77.8%
SenegalSenegalese
77.8%
Sri LankaSri Lankan
77.8%
Vatican CityVatican
77.8%
ZimbabweZimbabwean
77.8%
eSwatiniSwazi
75.9%
MauritiusMauritian
75.9%
PalauPalauan
75.9%
PortugalPortuguese
75.9%
South SudanSouth Sudanese
75.9%
Trinidad and TobagoTrinidadian or Tobagonian
75.9%
MontenegroMontenegrin
74.1%
SurinameSurinamese
74.1%
NauruNauruan
72.2%
BelizeBelizean
70.4%
GhanaGhanan
70.4%
LiechtensteinLiechtensteiner
70.4%
MonacoMonégasque
70.4%
Central African RepublicCentral African
68.5%
MadagascarMalagasy
68.5%
PanamaPanamanian
68.5%
TuvaluTuvaluan
68.5%
El SalvadorSalvadoran
66.7%
United Arab EmiratesEmirati
66.7%
UruguayUruguayan
66.7%
VanuatuVanuatuan
66.7%
Saint LuciaSaint Lucian
64.8%
TogoTogolese
64.8%
ComorosComoran
63%
Sierra LeoneSierra Leonean
63%
Côte d'IvoireIvorian
61.1%
KiribatiI-Kiribati
61.1%
Cabo VerdeCabo Verdean
59.3%
SingaporeSingaporian
59.3%
Saint Vincent and the GrenadinesSaint Vincentian
57.4%
Solomon IslandsSolomon Islander
55.6%
MozambiqueMozambican
53.7%
Timore-LesteTimorese
53.7%
Burkina FasoBurkinabé
51.9%
NigerNigerien
50%
SeychellesSeychellois
50%
Sao Tome and PrincipeSão Toméan
48.1%
Saint Kitts and NevisKittitian or Nevisian
46.3%
LesothoBasotho
44.4%
San MarinoSammarinese
42.6%
Guinea-BissauBissau-Guinean
31.5%
Remove Ads.
Support Sporcle.
Get the best of Sporcle when you Go Orange. This ad-free experience offers more features, more stats, and more fun while also helping to support Sporcle. Thank you for becoming a member.

You're not logged in!

Compare scores with friends on all Sporcle quizzes.
OR
Log In

Show Comments

Extras

Top Quizzes Today


Score Distribution

Your Account Isn't Verified!

In order to create a playlist on Sporcle, you need to verify the email address you used during registration. Go to your Sporcle Settings to finish the process.

Report this User

Report this user for behavior that violates our Community Guidelines.

Details: